000 00418nam a2200169Ia 4500
001 12195
005 20260306162923.0
008 260306t9999||||xx |||||||||||||| ||spa||
041 _aESP
082 _aHR 340
_bJUN 2025 QUORUM
110 _aEstudio Muñiz
245 0 _aQUORUM :
_buna revista del Estudio Muñiz, junio 2025 n° 35
300 _a
_c
650 _aGEN
654 _aCDE
942 _cREV
_dJUS
_fJUS
_2ddc
_n
999 _c12195
_d12195